[Event "Saint-Chély d'Aubrac Op"]
[Site "Saint-Chély d'Aubrac (12)"]
[Date "2010.07.16"]
[Round "8.29"]
[White "Grange, Julien"]
[Black "Pierron, Baptiste"]
[Result "1-0"]
[WhiteElo "1280"]
[BlackElo "1400"]
[PlyCount "83"]
[EventDate "2010.??.??"]

1. e4 e6 2. d4 d5 3. exd5 exd5 4. Nc3 c5 5. Nf3 cxd4 6. Qxd4 Nf6 7. Bg5 Be7 8.
Qe5 Nbd7 9. Bb5 O-O 10. Bxd7 Bxd7 11. Nxd5 Re8 12. O-O Nxd5 13. Qxd5 Bxg5 14.
Nxg5 Be6 15. Qxd8 Raxd8 16. Nxe6 Rxe6 17. Rfe1 Rde8 18. Rxe6 Rxe6 19. Rd1 f6
20. g3 b6 21. Rd8+ Kf7 22. Rd7+ Kg6 23. Rxa7 Re1+ 24. Kg2 Re2 25. Rb7 Rxc2 26.
Rxb6 Rd2 27. a4 Rd1 28. b4 Kf7 29. a5 Ra1 30. a6 Ke8 31. b5 Kd8 32. Rb8+ Kc7
33. Rb7+ Kc8 34. Rxg7 Kb8 35. Rxh7 f5 36. h4 Ra5 37. Rb7+ Ka8 38. h5 f4 39. h6
Rxa6 40. Rb8+ Kxb8 41. bxa6 fxg3 42. fxg3 1-0

[Event "Saint-Chély d'Aubrac Op"]
[Site "Saint-Chély d'Aubrac (12)"]
[Date "2010.07.16"]
[Round "8.30"]
[White "Rota Graziosi, Fanny"]
[Black "Colombo, Maceo"]
[Result "0-1"]
[WhiteElo "1200"]
[BlackElo "1199"]
[PlyCount "30"]
[EventDate "2010.??.??"]

1. e4 e5 2. Nf3 Nc6 3. Nc3 Bc5 4. Bc4 d6 5. O-O Bg4 6. d3 Nf6 7. Bg5 h6 8. Nd5
Nd4 9. Bxf6 gxf6 10. c3 Nxf3+ 11. gxf3 Bh3 12. Re1 f5 13. Qd2 f4 14. d4 Qg5+
15. Kh1 Qg2# 0-1

[Event "Saint-Chély d'Aubrac Op"]
[Site "Saint-Chély d'Aubrac (12)"]
[Date "2010.07.16"]
[Round "8.31"]
[White "Rota Graziosi, Annael"]
[Black "Grange, Gary"]
[Result "0-1"]
[WhiteElo "1150"]
[BlackElo "1190"]
[PlyCount "66"]
[EventDate "2010.??.??"]

1. e4 Nf6 2. Nc3 d5 3. d3 Nc6 4. Nf3 e5 5. Bg5 Bb4 6. d4 Bg4 7. Bb5 dxe4 8.
Bxc6+ bxc6 9. a3 Bxc3+ 10. bxc3 exf3 11. g3 O-O 12. O-O h6 13. Bh4 g5 14. Bxg5
hxg5 15. Re1 exd4 16. cxd4 Qd7 17. Re5 Bh5 18. Rxg5+ Kh7 19. Qd3+ Bg6 20. Qxf3
Qxd4 21. c3 Qd6 22. Rd1 Qe6 23. Qg2 Qe4 24. Qh3+ Kg7 25. Kf1 Rae8 26. Re1 Qxe1+
27. Kg2 Qe4+ 28. Kg1 Qf3 29. Kf1 Re1+ 30. Kxe1 Re8+ 31. Kd2 Re2+ 32. Kd1 Qd3+
33. Kc1 Qc2# 0-1

[Event "Saint-Chély d'Aubrac Op"]
[Site "Saint-Chély d'Aubrac (12)"]
[Date "2010.07.17"]
[Round "9.4"]
[White "Van Hoolandt, Patrick"]
[Black "Nass, Emile"]
[Result "0-1"]
[WhiteElo "2171"]
[BlackElo "2248"]
[PlyCount "104"]
[EventDate "2010.??.??"]

1. d4 Nf6 2. c4 e6 3. Nf3 c5 4. d5 exd5 5. cxd5 d6 6. Nc3 g6 7. Bf4 a6 8. a4
Bg7 9. e4 Bg4 10. Be2 Bxf3 11. Bxf3 O-O 12. O-O Ne8 13. Qd2 Nd7 14. Rfe1 Rb8
15. Be2 Qe7 16. Bf1 Nc7 17. a5 Ne5 18. Bh6 b5 19. Bxg7 Kxg7 20. f4 Nc4 21. Qc2
Qf6 22. g3 Qd4+ 23. Kh1 Qd2 24. Qc1 Qxc1 25. Rexc1 Nd2 26. Rd1 Nb3 27. Ra2 Rfe8
28. Bg2 f6 29. h4 b4 30. Na4 Rb5 31. Nb6 Nxa5 32. Rxa5 Rxb6 33. Rc1 Rb5 34. Ra4
g5 35. hxg5 fxg5 36. e5 Rd8 37. e6 gxf4 38. gxf4 Kf6 39. Be4 Rg8 40. Kh2 Rg4
41. Raa1 Rb8 42. Rg1 Rbg8 43. Rxg4 Rxg4 44. Rf1 a5 45. Kh3 h5 46. Bg2 a4 47.
Re1 Rxf4 48. e7 Ne8 49. Re6+ Kf7 50. Be4 Rf6 51. Bc2 Rxe6 52. dxe6+ Kxe6 0-1

[Event "Saint-Chély d'Aubrac Op"]
[Site "Saint-Chély d'Aubrac (12)"]
[Date "2010.07.17"]
[Round "9.5"]
[White "Muheim, Sebastien"]
[Black "Batteux, Mickael"]
[Result "0-1"]
[WhiteElo "2112"]
[BlackElo "2003"]
[PlyCount "114"]
[EventDate "2010.??.??"]

1. d4 Nf6 2. c4 c5 3. d5 b5 4. cxb5 a6 5. f3 d6 6. e4 g6 7. Na3 Bg7 8. Ne2 O-O
9. Nc3 Nbd7 10. Be2 Ne8 11. O-O Nc7 12. Be3 axb5 13. Naxb5 Nxb5 14. Bxb5 Qa5
15. a4 Nb8 16. Ra3 Na6 17. Qd2 Nb4 18. f4 f5 19. e5 Kh8 20. Kh1 Bb7 21. Rd1
Rfd8 22. e6 Kg8 23. Bc4 Rdc8 24. g4 fxg4 25. Ne4 Rf8 26. Qe2 Rf5 27. Bd2 Bxd5
28. Bxb4 cxb4 29. Raa1 Bxe4+ 30. Qxe4 Bxb2 31. Rab1 Bc3 32. Rg1 Qxa4 33. Rxg4
Raf8 34. Bb3 Qa8 35. Qxa8 Rxa8 36. Bc2 Rf6 37. f5 Kg7 38. h4 Ra2 39. Be4 d5 40.
Bxd5 Ra5 41. Be4 Kh6 42. Rbg1 gxf5 43. Rg5 Ra1 44. Rxa1 Bxa1 45. Bxf5 Bc3 46.
Bg4 b3 47. Rb5 b2 48. Kg2 Rf4 49. Bf3 Rxh4 50. Kg3 Bf6 51. Kf2 Ra4 52. Ke2 Kg7
53. Kd2 Rf4 54. Bh5 Re4 55. Bf7 Rh4 56. Be8 Rh2+ 57. Kd3 Rh1 0-1

[Event "Saint-Chély d'Aubrac Op"]
[Site "Saint-Chély d'Aubrac (12)"]
[Date "2010.07.17"]
[Round "9.6"]
[White "Duffau, Pascal"]
[Black "Massoni, Michael"]
[Result "0-1"]
[WhiteElo "2034"]
[BlackElo "2308"]
[PlyCount "62"]
[EventDate "2010.??.??"]

1. Nf3 Nf6 2. c4 g6 3. Nc3 d5 4. e3 Bg7 5. cxd5 Nxd5 6. Bc4 Nb6 7. Bb3 c5 8. d4
cxd4 9. exd4 Nc6 10. Be3 O-O 11. h3 Na5 12. Bc2 Nac4 13. Qe2 Bd7 14. O-O Nxb2
15. Bxg6 hxg6 16. Qxb2 Bc6 17. Ne5 Rc8 18. Nxc6 Rxc6 19. Rfd1 Qd7 20. a4 Rfc8
21. Rac1 Nxa4 22. Nxa4 Rxc1 23. Rxc1 Rxc1+ 24. Qxc1 Qxa4 25. Qc8+ Kh7 26. Qxb7
Bf6 27. Kh2 a5 28. Qc7 Qb4 29. Qf4 a4 30. g4 Kg8 31. Qc7 a3 0-1

[Event "Saint-Chély d'Aubrac Op"]
[Site "Saint-Chély d'Aubrac (12)"]
[Date "2010.07.17"]
[Round "9.7"]
[White "Moingt, Jean-Claude"]
[Black "Lagunes, Jean-Renaud"]
[Result "0-1"]
[WhiteElo "2290"]
[BlackElo "2074"]
[PlyCount "114"]
[EventDate "2010.??.??"]

1. e4 d6 2. d4 Nf6 3. Nc3 g6 4. Be3 c6 5. Qd2 b5 6. Bd3 Nbd7 7. h3 Bb7 8. Nf3
e5 9. dxe5 dxe5 10. O-O Bg7 11. a4 a6 12. Ne2 O-O 13. Ng3 Kh8 14. Rfd1 Qe7 15.
c4 b4 16. c5 a5 17. Rac1 Ba6 18. Bxa6 Rxa6 19. Qe2 Ra7 20. Rd6 Nb8 21. Qc4 h6
22. Nd2 Ne8 23. Nb3 Nc7 24. Rcd1 Ne6 25. Ne2 Re8 26. f3 Kh7 27. Nec1 Qf6 28.
Ne2 Bf8 29. R6d2 Be7 30. Rf1 g5 31. Ng3 Ng7 32. Na1 Nd7 33. Nc2 Nf8 34. Bf2 Qe6
35. Ne3 Nd7 36. Qxe6 Nxe6 37. Ng4 Nexc5 38. Rc1 Raa8 39. Nf5 Bf8 40. Rcd1 h5
41. Nge3 Nb6 42. Nd6 Bxd6 43. Rxd6 Ncxa4 44. Rxc6 Nxb2 45. Rb1 N6a4 46. Nf5 Re6
47. Rc7 Kg6 48. Ne7+ Kg7 49. Nd5 Raa6 50. Be3 Rac6 51. Rxc6 Rxc6 52. Bxg5 Nd3
53. Ra1 b3 54. Bf6+ Kh7 55. Rxa4 b2 56. Rxa5 b1=Q+ 57. Kh2 Rc1 0-1

[Event "Saint-Chély d'Aubrac Op"]
[Site "Saint-Chély d'Aubrac (12)"]
[Date "2010.07.17"]
[Round "9.8"]
[White "Villegas, Pierre"]
[Black "Pieri, Pierre-Louis"]
[Result "1/2-1/2"]
[WhiteElo "2244"]
[BlackElo "1943"]
[PlyCount "62"]
[EventDate "2010.??.??"]

1. g3 e5 2. c3 d5 3. d4 exd4 4. cxd4 Nf6 5. Nc3 c6 6. Qc2 Bd6 7. Bg2 O-O 8. Nf3
Bg4 9. Bf4 Qc7 10. e3 a6 11. O-O Nbd7 12. a4 Bh5 13. Qb3 Rfe8 14. Rfc1 Bxf4 15.
gxf4 Bxf3 16. Bxf3 Qb6 17. Qa3 a5 18. Na2 Ne4 19. Bxe4 Rxe4 20. Rab1 Qc7 21.
Nc3 Re6 22. Nxd5 Qd8 23. Nc3 Qh4 24. Ne2 Nf6 25. f3 Nd5 26. e4 Rg6+ 27. Ng3
Nxf4 28. Rc2 Nh5 29. Rg2 Nf4 30. Rc2 Nh5 31. Rg2 Nf4 1/2-1/2

[Event "Saint-Chély d'Aubrac Op"]
[Site "Saint-Chély d'Aubrac (12)"]
[Date "2010.07.17"]
[Round "9.10"]
[White "Richard, Emma"]
[Black "Carno, Matthias"]
[Result "1-0"]
[WhiteElo "2100"]
[BlackElo "1925"]
[PlyCount "47"]
[EventDate "2010.??.??"]

1. e4 b6 2. d4 Bb7 3. Bd3 e6 4. Nf3 d5 5. e5 c5 6. c3 Nc6 7. O-O cxd4 8. cxd4
Nge7 9. Nc3 Ng6 10. Bg5 f6 11. exf6 gxf6 12. Be3 Bd6 13. Re1 Kf7 14. h4 Nf4 15.
Bxf4 Bxf4 16. Qe2 Qd7 17. Rad1 Rae8 18. g3 Bb8 19. Qd2 Reg8 20. Qh6 Rg7 21. Re2
Bxg3 22. fxg3 Rxg3+ 23. Rg2 Qd6 24. Ne5+ 1-0

[Event "Saint-Chély d'Aubrac Op"]
[Site "Saint-Chély d'Aubrac (12)"]
[Date "2010.07.17"]
[Round "9.11"]
[White "Viennot, Dylan"]
[Black "Husson, Cybele"]
[Result "1-0"]
[WhiteElo "1969"]
[BlackElo "2040"]
[PlyCount "63"]
[EventDate "2010.??.??"]

1. Nc3 g6 2. e4 Bg7 3. d4 d6 4. Be3 Nd7 5. Qd2 e5 6. Nf3 exd4 7. Nxd4 Ne5 8. h3
Bd7 9. f4 Nc6 10. Nf3 a6 11. a4 h6 12. Be2 Nge7 13. O-O Be6 14. Nd4 Qd7 15.
Nxe6 fxe6 16. Rab1 d5 17. Bf2 O-O 18. Bf3 e5 19. Bg4 Qd6 20. exd5 exf4 21. Ne4
Qb4 22. dxc6 Qxe4 23. Rfe1 Qxc6 24. Rxe7 Rad8 25. Qe2 Bf6 26. Qe6+ Qxe6 27.
Bxe6+ Kh8 28. Rxc7 Rd2 29. c3 b5 30. axb5 axb5 31. Rb7 Re8 32. Bg4 1-0

[Event "Saint-Chély d'Aubrac Op"]
[Site "Saint-Chély d'Aubrac (12)"]
[Date "2010.07.17"]
[Round "9.12"]
[White "Herrero, Alain"]
[Black "Devoille, Hugo"]
[Result "1/2-1/2"]
[WhiteElo "1762"]
[BlackElo "1746"]
[PlyCount "42"]
[EventDate "2010.??.??"]

1. d4 Nf6 2. c4 g6 3. Nc3 Bg7 4. e4 d6 5. Nf3 O-O 6. Be2 e5 7. O-O Nc6 8. d5
Ne7 9. b4 Ne8 10. c5 f5 11. Nd2 f4 12. Bg4 Nf6 13. Bxc8 Rxc8 14. Qb3 g5 15. f3
h5 16. a4 g4 17. Ba3 Ng6 18. b5 Rf7 19. a5 Bf8 20. Na4 Nh4 21. Rac1 Rg7 1/2-1/2

[Event "Saint-Chély d'Aubrac Op"]
[Site "Saint-Chély d'Aubrac (12)"]
[Date "2010.07.17"]
[Round "9.13"]
[White "Bigonnet, Jean-Michel"]
[Black "Mourgues, Joelle"]
[Result "1-0"]
[WhiteElo "1925"]
[BlackElo "1797"]
[PlyCount "43"]
[EventDate "2010.??.??"]

1. d4 Nf6 2. Nc3 e6 3. e4 Bb4 4. Bg5 h6 5. Bxf6 Bxc3+ 6. bxc3 Qxf6 7. e5 Qe7 8.
Bd3 d6 9. f4 Nd7 10. Nf3 Rb8 11. O-O b6 12. Qe1 O-O 13. Qg3 f5 14. Rae1 d5 15.
c4 c6 16. cxd5 cxd5 17. Qh3 Kh7 18. Kh1 g6 19. g4 Rh8 20. gxf5 exf5 21. Bxf5
Kg7 (21... gxf5 22. Qxf5+ Kg7 23. Rg1+ Qg5 24. Nxg5 hxg5 25. Rxg5+ Kh6 26. Qg6#
) 22. Bxg6 (22. Bxg6 Kxg6 23. Nh4+ Kf7 24. e6+ Ke8 25. exd7+ Bxd7 26. Rxe7+)
1-0

[Event "Saint-Chély d'Aubrac Op"]
[Site "Saint-Chély d'Aubrac (12)"]
[Date "2010.07.17"]
[Round "9.14"]
[White "Hug, Timothee"]
[Black "Lavanchy, Marc-Henri"]
[Result "0-1"]
[WhiteElo "1691"]
[BlackElo "1912"]
[PlyCount "88"]
[EventDate "2010.??.??"]

1. e4 c5 2. Nf3 d6 3. d4 cxd4 4. Nxd4 Nf6 5. Nc3 g6 6. Be2 Bg7 7. Be3 O-O 8. f4
Nc6 9. Qd2 d5 10. Nxc6 bxc6 11. Rd1 e6 12. e5 Nd7 13. Na4 f6 14. exf6 Bxf6 15.
c4 Qc7 16. O-O Bg7 17. cxd5 exd5 18. Rc1 Rb8 19. Qxd5+ cxd5 20. Rxc7 Re8 21.
Bxa7 Ra8 22. Bf3 Rxa7 23. Bxd5+ Kf8 24. Rxa7 Bd4+ 25. Kh1 Bxa7 26. Nc3 Nf6 27.
Bc4 Ng4 28. Nd1 Rd8 29. Be2 Ne3 30. Nxe3 Bxe3 31. f5 g5 32. Rf3 Re8 33. Bc4 Bb7
34. Rf1 Rd8 35. Re1 Rd2 36. Bf1 (36. Rxe3 Rd1+ 37. Re1 Rxe1+ 38. Bf1 Rxf1#)
36... Bd4 37. h3 Bxb2 38. Re2 Rxe2 39. Bxe2 Be4 40. Bg4 Ke7 41. a4 Bc3 42. Kg1
Kf6 43. Be2 Kxf5 44. g4+ Kf4 0-1

[Event "Saint-Chély d'Aubrac Op"]
[Site "Saint-Chély d'Aubrac (12)"]
[Date "2010.07.17"]
[Round "9.15"]
[White "Levy, Nicolas"]
[Black "Huin, Eric"]
[Result "1/2-1/2"]
[WhiteElo "1610"]
[BlackElo "1887"]
[PlyCount "63"]
[EventDate "2010.??.??"]

1. e4 e5 2. Nf3 Nc6 3. Bc4 Nf6 4. d3 d6 5. O-O Be7 6. Re1 Na5 7. Nbd2 Nxc4 8.
Nxc4 O-O 9. c3 Be6 10. Ne3 h6 11. a4 c6 12. Nf1 Nd7 13. d4 Bg4 14. h3 Bh5 15.
a5 a6 16. Ng3 Bg6 17. dxe5 dxe5 18. Qd3 Qc7 19. Rd1 Rad8 20. Be3 {(=)} Bc5 21.
Bxc5 Nxc5 22. Qc4 Ne6 23. b4 Nf4 24. Nh4 Bh7 25. Ngf5 Bxf5 26. exf5 Kh8 27. Re1
{(=)} Rd5 28. Re3 Rfd8 29. Rae1 Nd3 30. R1e2 Nf4 31. Re1 Nd3 32. R1e2 1/2-1/2

[Event "Saint-Chély d'Aubrac Op"]
[Site "Saint-Chély d'Aubrac (12)"]
[Date "2010.07.17"]
[Round "9.17"]
[White "Kirchhoff, Matthieu"]
[Black "Messinger, Karl"]
[Result "0-1"]
[WhiteElo "1581"]
[BlackElo "1870"]
[PlyCount "54"]
[EventDate "2010.??.??"]

1. d4 Nf6 2. Nf3 e6 3. Bf4 d5 4. e3 Be7 5. h3 O-O 6. Bd3 b6 7. Nbd2 Bb7 8. O-O
Nbd7 9. Rc1 c5 10. c3 Rc8 11. Ne5 h6 12. Bb1 Ne4 13. Qc2 f5 14. Nxe4 fxe4 15.
Nxd7 {(=)} Qxd7 16. Qe2 Bd6 17. Bxd6 Qxd6 18. Qh5 Rf5 19. Qg4 Ba6 20. Rfd1 Rcf8
21. f3 Rg5 22. Qh4 exf3 23. Rd2 Be2 24. Rxe2 fxe2 25. g4 Rf3 26. Kg2 Qf8 27.
Bd3 Rf1 0-1

[Event "Saint-Chély d'Aubrac Op"]
[Site "Saint-Chély d'Aubrac (12)"]
[Date "2010.07.17"]
[Round "9.20"]
[White "Tassetti, Florent"]
[Black "Moulie, Patrick"]
[Result "1-0"]
[WhiteElo "1676"]
[BlackElo "1639"]
[PlyCount "81"]
[EventDate "2010.??.??"]

1. Nf3 Nf6 2. g3 g6 3. Bg2 Bg7 4. O-O O-O 5. c4 d6 6. Nc3 Nbd7 7. d4 c6 8. e4
Nb6 9. Qe2 h6 10. Rd1 Bd7 11. Ne1 Kh7 12. f4 Bg4 13. Bf3 Qd7 14. b3 Bxf3 15.
Nxf3 Rad8 16. Ba3 Nc8 17. e5 Ng8 18. Rac1 a6 19. Ne4 Rfe8 20. d5 cxd5 21. Rxd5
Qc6 22. Rcd1 Nb6 23. R5d2 f5 24. Nc3 Nc8 25. Qf2 b5 26. Nd4 Qb6 27. Nd5 Qb7 28.
Ne6 Rd7 29. Bb2 Bh8 30. Qe2 bxc4 31. bxc4 Nb6 32. exd6 Bxb2 33. Rxb2 Rxd6 34.
Rdb1 Rb8 35. Rxb6 Qa7 36. Qf2 Rbxb6 37. Rxb6 Rxb6 38. Qxb6 Qa8 39. Qd4 Nf6 40.
Nxf6+ exf6 41. Qd7+ 1-0

[Event "Saint-Chély d'Aubrac Op"]
[Site "Saint-Chély d'Aubrac (12)"]
[Date "2010.07.17"]
[Round "9.23"]
[White "Barnicol, Georges"]
[Black "Marie, Olivier"]
[Result "0-1"]
[WhiteElo "1320"]
[BlackElo "1710"]
[PlyCount "58"]
[EventDate "2010.??.??"]

1. e4 Nf6 2. e5 Nd5 3. d4 d6 4. c4 Nb6 5. Nc3 Nc6 6. Nf3 dxe5 7. dxe5 Qxd1+ 8.
Nxd1 Bg4 9. c5 Nd7 10. Bb5 Bxf3 11. gxf3 Ndxe5 12. Bxc6+ Nxc6 13. Bf4 e5 14.
Be3 f5 15. f4 exf4 16. Bxf4 O-O-O 17. Rc1 h6 18. O-O g5 19. b4 gxf4 20. Rc4 Nd4
21. Kh1 Rg8 22. Nb2 Bg7 23. Na4 Bf6 24. Rcc1 Rg6 25. a3 Rdg8 26. Rce1 f3 27.
Rc1 Rg2 28. Nc3 Be5 29. Nd5 Rxh2# 0-1

[Event "Saint-Chély d'Aubrac Op"]
[Site "Saint-Chély d'Aubrac (12)"]
[Date "2010.07.17"]
[Round "9.24"]
[White "Degraeve, Remy"]
[Black "Grange, Romain"]
[Result "0-1"]
[WhiteElo "1320"]
[BlackElo "1690"]
[PlyCount "100"]
[EventDate "2010.??.??"]

1. e4 Nf6 2. e5 Nd5 3. d4 d6 4. Nf3 Bg4 5. Be2 Nc6 6. O-O e6 7. c4 Nb6 8. d5
Bxf3 9. Bxf3 Nxe5 10. dxe6 Nxf3+ 11. Qxf3 fxe6 12. Qxb7 Be7 13. Nc3 a6 14. Bf4
O-O 15. Be3 Kh8 16. Bd4 c5 17. Bxc5 dxc5 18. Rad1 Rb8 19. Qe4 Qc8 20. Rd3 Bf6
21. Rh3 h6 22. Qg6 Qe8 23. Qg4 Bxc3 24. bxc3 Qf7 25. f3 Qf5 26. Qg3 e5 27. Re1
Nxc4 28. Re4 Rb1+ 29. Kf2 Rb2+ 30. Kg1 Rd8 31. Re1 Rdd2 32. Rh4 Rxg2+ 33. Qxg2
Rxg2+ 34. Kxg2 Qg5+ 35. Rg4 Ne3+ 36. Kh3 Nxg4 37. fxg4 Kg8 38. Rd1 Qe3+ 39. Kg2
Qe2+ 40. Kg3 Qxd1 41. h4 Kf7 42. h5 Kf6 43. g5+ Kxg5 44. c4 Qd3+ 45. Kg2 Kg4
46. Kf2 e4 47. Kg2 Qe2+ 48. Kh1 Kf3 49. a4 Qf1+ 50. Kh2 Qg2# 0-1

[Event "Saint-Chély d'Aubrac Op"]
[Site "Saint-Chély d'Aubrac (12)"]
[Date "2010.07.17"]
[Round "9.25"]
[White "Neff, Thomas"]
[Black "Grange, Julien"]
[Result "1-0"]
[WhiteElo "1660"]
[BlackElo "1280"]
[PlyCount "27"]
[EventDate "2010.??.??"]

1. e4 e5 2. Nf3 Nc6 3. Bb5 a6 4. Ba4 Nf6 5. O-O Bd6 6. Re1 O-O 7. d4 b5 8. Bb3
Bb7 9. c3 Re8 10. Ng5 Re7 11. f4 exd4 12. e5 dxc3 13. exd6 c2 14. dxe7 1-0

[Event "Saint-Chély d'Aubrac Op"]
[Site "Saint-Chély d'Aubrac (12)"]
[Date "2010.07.17"]
[Round "9.26"]
[White "Souttre, Matthieu"]
[Black "Manser, Lucas"]
[Result "0-1"]
[WhiteElo "1550"]
[BlackElo "1642"]
[PlyCount "112"]
[EventDate "2010.??.??"]

1. d4 Nf6 2. c4 e5 3. e3 exd4 4. exd4 d5 5. Nc3 c6 6. Bg5 Be7 7. b3 O-O 8. Nge2
Re8 9. c5 Nh5 10. Bxe7 Qxe7 11. g3 Bg4 12. Bg2 Bxe2 13. Nxe2 Nf6 14. a4 b6 15.
b4 bxc5 16. bxc5 Nbd7 17. Ra2 Rab8 18. O-O Rb4 19. Nf4 h6 20. a5 Nf8 21. Re2
Qd8 22. Rxe8 Qxe8 23. Re1 Qd8 24. a6 Qa5 25. Bf1 Rxd4 26. Qxd4 Qxe1 27. Qa4 Qe8
28. Qb4 Qe7 29. Qb7 Qxb7 30. axb7 N8d7 31. Nd3 Kf8 32. Ne5 Nb8 33. Bd3 (33. Bb5
$1) 33... Nfd7 34. Nxd7+ Nxd7 35. Bb5 Nb8 36. f4 cxb5 37. Kf2 a5 38. Ke2 a4 39.
Kd3 Ke7 40. Kc3 Kd7 41. h4 Kc7 42. g4 Kxb7 43. h5 Kc6 44. f5 f6 45. Kd3 Kxc5
46. Kc3 b4+ 47. Kc2 Kc4 48. Kb2 a3+ 49. Kb1 Kc3 50. g5 fxg5 51. f6 gxf6 52. Kc1
g4 53. Kb1 g3 54. Ka2 g2 55. Kb1 b3 56. Kc1 g1=Q# 0-1

[Event "Saint-Chély d'Aubrac Op"]
[Site "Saint-Chély d'Aubrac (12)"]
[Date "2010.07.17"]
[Round "9.28"]
[White "Colombo, Maceo"]
[Black "Rateau, Cyprien"]
[Result "1/2-1/2"]
[WhiteElo "1199"]
[BlackElo "1360"]
[PlyCount "22"]
[EventDate "2010.??.??"]

1. e4 e5 2. Nf3 Nc6 3. Bc4 Bc5 4. O-O Nf6 5. d3 O-O 6. Bg5 d6 7. Bxf6 Qxf6 8.
Nc3 Bg4 9. h3 Bxf3 10. Qxf3 Qxf3 11. gxf3 Nd4 1/2-1/2

[Event "Saint-Chély d'Aubrac Op"]
[Site "Saint-Chély d'Aubrac (12)"]
[Date "2010.07.17"]
[Round "9.29"]
[White "Grange, Gary"]
[Black "Meyer, Bernard"]
[Result "0-1"]
[WhiteElo "1190"]
[BlackElo "1490"]
[PlyCount "66"]
[EventDate "2010.??.??"]

1. d4 d5 2. c4 c6 3. Nc3 Nf6 4. Nf3 Bg4 5. Bf4 Nbd7 6. e3 e6 7. Bd3 Be7 8. O-O
O-O 9. Be2 Re8 10. Ne5 Bxe2 11. Qxe2 c5 12. Rfd1 cxd4 13. exd4 Bb4 14. Bg5 Qc8
15. cxd5 exd5 16. Qe3 Bxc3 17. bxc3 Ne4 18. Nxd7 Qxd7 19. f3 Nxg5 20. Qxg5 Qe6
21. Kf2 Qe2+ 22. Kg1 Re6 23. Qxd5 Rg6 24. f4 Re8 25. Rf1 h6 26. Qxb7 Re4 27.
Rf2 Qe3 28. Qc7 Rf6 29. g3 g5 30. Raf1 gxf4 31. gxf4 Rg6+ 32. Kh1 Re7 33. Qc4
Qe4+ 0-1

[Event "Saint-Chély d'Aubrac Op"]
[Site "Saint-Chély d'Aubrac (12)"]
[Date "2010.07.17"]
[Round "9.30"]
[White "Pierron, Baptiste"]
[Black "Rota Graziosi, Fanny"]
[Result "1-0"]
[WhiteElo "1400"]
[BlackElo "1200"]
[PlyCount "51"]
[EventDate "2010.??.??"]

1. e4 e5 2. d4 Nf6 3. dxe5 Nxe4 4. Nd2 d5 5. Nxe4 Qh4 6. Qxd5 Be6 7. Qd4 Nc6 8.
Nd6+ Bxd6 9. Qxh4 Bxe5 10. Bb5 Bd7 11. Bxc6 Bxc6 12. Nf3 Bf6 13. Qc4 O-O 14.
O-O a6 15. c3 Bb5 16. Qxc7 Bxf1 17. Kxf1 Rac8 18. Qxb7 a5 19. Bg5 Bxg5 20. Nxg5
Rb8 21. Qa6 h6 22. Nf3 Ra8 23. Qb5 Rab8 24. Qxa5 Rxb2 25. Rc1 Rfb8 26. Ne5 1-0

[Event "Saint-Chély d'Aubrac Op"]
[Site "Saint-Chély d'Aubrac (12)"]
[Date "2010.07.17"]
[Round "9.31"]
[White "Muheim, Xavier"]
[Black "Rota Graziosi, Annael"]
[Result "1-0"]
[WhiteElo "1470"]
[BlackElo "1150"]
[PlyCount "61"]
[EventDate "2010.??.??"]

1. e4 e5 2. Nf3 Nc6 3. Bb5 Bb4 4. O-O Nf6 5. c4 Bc5 6. Ba4 Nxe4 7. d4 Bb6 8.
Re1 Nd6 9. Bxc6 dxc6 10. Nxe5 O-O 11. c5 Ba5 12. Nd2 Nf5 13. a3 Bxd2 14. Bxd2
Qxd4 15. Qc2 Ne7 16. Nf3 Qd8 17. Ng5 g6 18. Bc3 Re8 19. Bf6 Qd7 20. Qc3 Nf5 21.
Nxh7 Kxh7 22. Qh3+ Nh6 23. Qh4 Rxe1+ 24. Rxe1 Qd2 25. f3 a5 26. Bg5 Qxe1+ 27.
Qxe1 Nf5 28. g4 Nd4 29. Qh4+ Kg7 30. Bf6+ Kg8 31. Qh8# 1-0